000 00430nam a2200157Ia 4500
008 220531s9999 xx 000 0 und d
041 _amar
100 _aकुलकर्णी अ रा
_964887
245 _aजेंस कनिंगहॅम ग्रट डफ
260 _bPune Vidyapith
_c1969
300 _a266
542 _d21-04-2010
650 _aGeneral
_964888
906 _d2010-2011
999 _c36771
_d36771